[Event "Kvika Reykjavik Open 2022"]
[Site "Reykjavik ISL"]
[Date "2022.04.10"]
[Round "7.40"]
[White "Filipovich, David"]
[Black "Povah, Nigel E"]
[Result "0-1"]
[BlackTitle "IM"]
[WhiteElo "1975"]
[BlackElo "2216"]
[WhiteFideId "2600706"]
[BlackFideId "400467"]
[EventDate "2022.04.06"]

1. Nf3 d5 2. g3 c6 3. Bg2 Nf6 4. O-O Bg4 5. c4 e6 6. cxd5 exd5 7. d3 Be7 8. Nc3
Nbd7 9. h3 Bh5 10. e4 dxe4 11. dxe4 Nc5 12. Qe2 Qd3 13. Qxd3 Nxd3 14. g4 Bg6 15.
Nh4 Bc5 16. Nxg6 hxg6 17. Na4 Bd4 18. Rd1 Nxc1 19. Raxc1 O-O-O 20. Rd2 Rd6 21.
Rcd1 Rhd8 22. Kf1 g5 23. Nc3 Kc7 24. Rc2 Bxc3 25. Rxd6 Rxd6 26. Rxc3 Rd2 27. Rb3
Nd7 28. Ke1 Rc2 29. Bf3 Ne5 30. Bd1 Rc4 31. Re3 Rd4 32. Bb3 f6 33. f3 Kd6 34.
Ke2 Ng6 35. Bf7 Nf4+ 36. Ke1 Ke5 0-1

[Event "Kvika Reykjavik Open 2022"]
[Site "Reykjavik ISL"]
[Date "2022.04.10"]
[Round "7.41"]
[White "Arvidsson, Jonas"]
[Black "Cherniack, Alex"]
[Result "0-1"]
[WhiteElo "1942"]
[BlackElo "2213"]
[WhiteFideId "1717839"]
[BlackFideId "2007606"]
[EventDate "2022.04.06"]

1. e4 e5 2. Nf3 Nc6 3. d4 exd4 4. Nxd4 Bc5 5. Nxc6 Qf6 6. Qf3 Qxf3 7. gxf3 bxc6
8. Be3 Bxe3 9. fxe3 d6 10. Nd2 Ne7 11. h4 O-O 12. Bh3 f5 13. Kf2 Rb8 14. b3 Rb4
15. c3 Rb8 16. h5 h6 17. Rag1 c5 18. Rg2 a5 19. exf5 Bxf5 20. Bxf5 Rxf5 21. Rhg1
Rf7 22. e4 a4 23. Ke3 axb3 24. axb3 Ra8 25. Nc4 Nc6 26. f4 Rb8 27. Rb2 Re8 28.
Kf3 Ne5+ 29. Nxe5 Rxe5 30. Rh1 d5 31. Re2 c6 32. exd5 Rxe2 33. Kxe2 cxd5 34. Kf3
Rb7 35. b4 cxb4 36. Rb1 b3 37. Ke3 b2 38. Kd3 Kf7 39. Kc2 Kf6 40. Rxb2 Rxb2+ 41.
Kxb2 g6 42. hxg6 h5 0-1

[Event "Kvika Reykjavik Open 2022"]
[Site "Reykjavik ISL"]
[Date "2022.04.10"]
[Round "7.42"]
[White "Ragnarsson, Johann"]
[Black "Roe, Simon J"]
[Result "0-1"]
[WhiteElo "1913"]
[BlackElo "2211"]
[WhiteFideId "2301040"]
[BlackFideId "401471"]
[EventDate "2022.04.06"]

1. d4 d5 2. c4 e6 3. Nc3 c5 4. cxd5 exd5 5. Nf3 Nc6 6. g3 Nf6 7. Bg2 cxd4 8.
Nxd4 Bc5 9. Nb3 Bb6 10. O-O d4 11. Nb5 O-O 12. Bxc6 bxc6 13. N5xd4 Bh3 14. Re1
Qd5 15. Nf3 Ne4 16. Nbd4 Rad8 17. Be3 Ba5 18. Qc2 Bxe1 19. Nxc6 Bxf2+ 20. Bxf2
Rd7 21. Nce5 Rd6 22. Bxa7 Rfd8 23. Nd3 Ng5 24. Nde1 Bg4 25. Nxg5 Qxg5 26. Nd3
Bf5 27. Re1 Bxd3 28. exd3 Qa5 29. Bf2 Qxa2 30. Qc3 h6 31. d4 Re6 32. Rf1 Qd5 33.
Qc5 Qb3 34. Qc3 Qb7 35. b4 Rb8 36. Rb1 Rb6 37. Be1 Qe4 38. Rb3 Rc6 39. Qe3 Qd5
40. Rb2 Re6 41. Qf2 Ra8 42. Re2 Rxe2 43. Qxe2 Ra2 44. Qf1 Qxd4+ 45. Bf2 Qxb4 46.
Qc1 Qa5 47. Bd4 Qa8 0-1

[Event "Kvika Reykjavik Open 2022"]
[Site "Reykjavik ISL"]
[Date "2022.04.10"]
[Round "7.43"]
[White "Vemparala, Nikash"]
[Black "Ptacnikova, Lenka"]
[Result "1-0"]
[BlackTitle "WGM"]
[WhiteElo "1923"]
[BlackElo "2186"]
[WhiteFideId "30960967"]
[BlackFideId "305650"]
[EventDate "2022.04.06"]

1. e4 c5 2. Nf3 e6 3. g3 Nc6 4. Bg2 d6 5. O-O Bd7 6. Re1 Be7 7. c3 Nf6 8. d4
cxd4 9. cxd4 O-O 10. Nc3 Rc8 11. Bf4 Qb6 12. Rb1 d5 13. Ne5 dxe4 14. Nxd7 Nxd7
15. d5 Ncb8 16. dxe6 fxe6 17. Nxe4 Nc5 18. Nxc5 Bxc5 19. Rxe6 Bxf2+ 20. Kh1 Nc6
21. Qh5 Qa5 22. Qxa5 Nxa5 23. Re7 Rfe8 24. Bd5+ Kh8 25. Rf7 Bd4 26. b4 Nc4 27.
Rxb7 Ne3 28. Bf7 Red8 29. Bg5 Rf8 30. Re1 Rc3 31. Rd7 Bb6 32. a4 h6 33. Bf4 a5
34. bxa5 Bc5 35. Be5 Ra3 36. Be6 Nf5 37. Bxf5 Rxf5 38. Bxg7+ Kg8 39. Re8+ Bf8
40. Rxf8+ Rxf8 41. Bxf8 Kxf8 42. a6 1-0

[Event "Kvika Reykjavik Open 2022"]
[Site "Reykjavik ISL"]
[Date "2022.04.10"]
[Round "7.44"]
[White "Domalchuk-Jonasson, Aleksandr"]
[Black "Gudmundsson, Gunnar Erik"]
[Result "1-0"]
[WhiteElo "2169"]
[BlackElo "1904"]
[WhiteFideId "14142805"]
[BlackFideId "2314339"]
[EventDate "2022.04.06"]

1. d4 Nf6 2. c4 e6 3. Nc3 Bb4 4. e3 O-O 5. Nf3 d5 6. Bd2 b6 7. cxd5 exd5 8. Rc1
Bb7 9. Bd3 Be7 10. Ne5 c5 11. O-O Nc6 12. Be1 Bd6 13. f4 cxd4 14. Nxc6 Bxc6 15.
Ne2 Bb7 16. Nxd4 Bc5 17. Nf5 a5 18. Bc3 Ba6 19. Bxa6 Rxa6 20. Rf3 Be7 21. Rg3 g6
22. Qxd5 Kh8 23. Qb5 Ra8 24. Nxe7 Qxe7 25. Qxb6 Kg7 26. Be5 Rac8 27. Rc6 Rxc6
28. Qxc6 Qe6 29. Qxe6 fxe6 30. Rf3 Kf7 31. Bxf6 Kxf6 32. Rf2 Rc8 33. Rd2 Kf5 34.
Kf2 h5 35. Kf3 Rc4 36. Rd8 Kf6 37. Rf8+ Ke7 38. Rb8 Rc2 39. a4 Rc4 40. b3 Rc3
41. Rb5 Kf6 42. g3 Kf7 43. h3 Kf6 44. Ke4 Kf7 45. Kd4 Rc2 46. Rxa5 1-0

[Event "Kvika Reykjavik Open 2022"]
[Site "Reykjavik ISL"]
[Date "2022.04.10"]
[Round "7.45"]
[White "Galow, Michael"]
[Black "Karason, Askell O"]
[Result "1-0"]
[BlackTitle "IM"]
[WhiteElo "1740"]
[BlackElo "2166"]
[WhiteFideId "16234596"]
[BlackFideId "2300567"]
[EventDate "2022.04.06"]

1. d4 Nf6 2. Bf4 d5 3. e3 c5 4. Nf3 Nc6 5. Nbd2 e6 6. c3 Bd6 7. Bg3 O-O 8. Bd3
b6 9. e4 dxe4 10. Nxe4 Be7 11. Nxf6+ Bxf6 12. Be4 Bb7 13. Qa4 cxd4 14. Bxc6 Bxc6
15. Qxc6 dxc3 16. O-O cxb2 17. Rab1 Qd3 18. Qd6 Qc4 19. Qa3 Qc5 20. Qxc5 bxc5
21. Be5 Rab8 22. Bxb8 Rxb8 23. Nd2 Rb4 24. a3 Ra4 25. Rfd1 h5 26. Nf1 Rxa3 27.
Ne3 Ra4 28. Kf1 a5 29. Ke2 Rb4 30. Rd7 c4 31. Ra7 Ra4 32. Kd2 c3+ 33. Kc2 Rd4
34. Rd1 Rf4 35. Rf1 a4 36. g3 Rd4 37. Kb1 h4 38. Rd1 Re4 39. Kc2 Rb4 40. Kb1 Re4
41. Rd3 h3 42. Rc7 Bd4 43. Rcxc3 Bxc3 44. Rxc3 f5 45. Rc4 Re5 46. Kxb2 Rb5+ 47.
Kc2 a3 48. Nd1 Ra5 49. Kb1 Rd5 50. Ne3 Rd2 51. Rc2 Rd3 52. Ka2 g5 53. Nc4 g4 54.
Rc1 Kg7 55. Rf1 Kf6 56. Nxa3 e5 57. Kb2 f4 58. Nc4 Kf5 59. Kc2 Rf3 60. Nd6+ Ke6
61. Ne4 Ra3 62. Nc3 Kf5 63. Rd1 Ra8 64. Kd2 Rc8 65. Rb1 Rc4 66. Nd1 Ke4 67. Rb3
Rc5 68. f3+ gxf3 69. Nf2+ Kf5 70. gxf4 e4 71. Nxh3 Ra5 72. Ke3 Ra2 73. Rb5+ Kf6
74. Kxe4 Rxh2 75. Rb6+ Kg7 76. Ng5 f2 77. Rb1 Rg2 78. Rf1 Kf6 79. Kf3 Rh2 80.
Rxf2 Rh1 81. Ne4+ Ke6 82. Kg4 Rg1+ 83. Ng3 Kd5 1-0

[Event "Kvika Reykjavik Open 2022"]
[Site "Reykjavik ISL"]
[Date "2022.04.10"]
[Round "7.46"]
[White "Villiers, Thomas"]
[Black "Baecker, Niko"]
[Result "1-0"]
[WhiteTitle "CM"]
[WhiteElo "2219"]
[BlackElo "1885"]
[WhiteFideId "427209"]
[BlackFideId "1669141"]
[EventDate "2022.04.06"]

1. e4 c5 2. Nf3 Nc6 3. d4 cxd4 4. Nxd4 Nf6 5. Nc3 e5 6. Ndb5 d6 7. a4 a6 8. Na3
Be6 9. Bc4 Be7 10. Be3 O-O 11. O-O Rc8 12. Qe2 Qc7 13. Nd5 Bxd5 14. exd5 Nb8 15.
f4 Nbd7 16. Rad1 Ne8 17. Bb3 f5 18. fxe5 Nxe5 19. Bd4 Kh8 20. c4 g6 21. c5 Bf6
22. Rfe1 Nf7 23. cxd6 Bxd4+ 24. Rxd4 Nexd6 25. Kh1 Rfe8 26. Qd1 Ne4 27. Rf1 Nfd6
28. Nc4 Qe7 29. Nxd6 Nxd6 30. Rdf4 Rc7 31. a5 Qe2 32. Qd4+ Qe5 33. Qb4 Rce7 34.
R4f2 Nb5 35. Qd2 Qe3 36. Ba4 Qxd2 37. Rxd2 Re1 38. Bxb5 axb5 39. Kg1 Rxf1+ 40.
Kxf1 Kg7 41. Rc2 Rd8 42. Rc7+ Kf6 43. Rxb7 Rxd5 44. a6 Rd1+ 45. Ke2 Ra1 46. a7
h5 47. Kd3 Ke6 48. Kd4 Kd6 49. Rg7 Ra4+ 50. Kc3 Kc5 51. Rxg6 Rxa7 52. Rg5 Re7
53. Rxf5+ Kb6 54. Rxh5 Rg7 55. g3 Rf7 56. Kb4 1-0

[Event "Kvika Reykjavik Open 2022"]
[Site "Reykjavik ISL"]
[Date "2022.04.10"]
[Round "7.47"]
[White "Ingvason, Johann"]
[Black "Zheng, Harry Z"]
[Result "0-1"]
[WhiteElo "2172"]
[BlackElo "1873"]
[WhiteFideId "2301431"]
[BlackFideId "460982"]
[EventDate "2022.04.06"]

1. c4 e5 2. g3 Nf6 3. Bg2 d5 4. cxd5 Nxd5 5. Nc3 Nb6 6. d3 Be7 7. Nf3 Nc6 8. O-O
O-O 9. Be3 Be6 10. d4 exd4 11. Nxd4 Nxd4 12. Bxd4 c6 13. Re1 Bf6 14. Bxf6 Qxf6
15. Qc2 Qe5 16. e4 Rad8 17. Rad1 g6 18. b4 Nc4 19. Nd5 Nb6 20. Qc5 cxd5 21. exd5
Qh5 22. Rd4 Bd7 23. Qc1 Rfe8 24. Red1 Rc8 25. Qf4 Rc4 26. h4 Qxd1+ 27. Rxd1 Rxf4
28. gxf4 Rc8 29. d6 Rc4 30. a3 Rxf4 31. h5 gxh5 32. Bxb7 h4 33. Kg2 Rg4+ 34. Kf3
Rc4 35. Rd3 h3 36. Kg3 h5 37. Kh2 h4 38. Ba6 Rc2 39. Rf3 Rd2 40. Bf1 Rxd6 41.
Bxh3 Bxh3 42. Kxh3 Rd4 43. Kg2 Kg7 44. Rc3 Rc4 45. Re3 Kf6 46. Rf3+ Kg6 47. Re3
Rc7 48. Kh3 Kg5 49. Re5+ f5 50. Ra5 Rh7 51. a4 Kf4 52. Ra6 Kf3 53. a5 Nd5 54. b5
Nf4+ 55. Kh2 Rb7 56. b6 axb6 57. Rxb6 Ra7 58. Rb5 Kg4 59. f3+ Kg5 60. Re5 Nd3
61. Re3 Nb4 62. Ra3 Nc6 63. Ra4 Rxa5 64. Rc4 Ne7 65. Kh3 Ng6 66. Rc2 Nf4+ 67.
Kh2 Ra3 68. Rf2 Rb3 69. Kh1 h3 70. Rf1 Kh4 71. Rg1 Rxf3 72. Kh2 Ne2 73. Rf1 Rf4
74. Re1 Rf2+ 75. Kh1 Ng3+ 76. Kg1 Rg2# 0-1

[Event "Kvika Reykjavik Open 2022"]
[Site "Reykjavik ISL"]
[Date "2022.04.10"]
[Round "7.49"]
[White "Decosse, Jean-Fabien"]
[Black "Hermes, Geoff R"]
[Result "1-0"]
[WhiteTitle "CM"]
[WhiteElo "2160"]
[BlackElo "1837"]
[WhiteFideId "622583"]
[BlackFideId "423254"]
[EventDate "2022.04.06"]

1. d4 d6 2. Nf3 Bg4 3. c4 Bxf3 4. exf3 g6 5. Nc3 Bg7 6. Be3 e6 7. Be2 Ne7 8. g4
c6 9. Qd2 h6 10. O-O-O d5 11. h4 Nd7 12. cxd5 Nxd5 13. Nxd5 cxd5 14. h5 g5 15.
Kb1 O-O 16. f4 f6 17. fxg5 fxg5 18. Rc1 Nb6 19. f4 Bf6 20. Qd3 Rf7 21. Qg6+ Rg7
22. Qxh6 Rh7 23. Qg6+ Rg7 24. Qd3 gxf4 25. Bxf4 Qe8 26. g5 Bxg5 27. Bxg5 Rxg5
28. Rcg1 Qe7 29. Qe3 Rxg1+ 30. Rxg1+ Kh8 31. Qh6+ Qh7+ 32. Qxh7+ Kxh7 33. Rg6
Re8 34. Bd3 Kh8 35. Rh6+ Kg7 36. Rh7+ Kf6 37. Rxb7 Kg5 38. Bg6 Rc8 39. b3 Na8
40. Rxa7 Nc7 41. a4 Ne8 42. Re7 Nc7 43. Kb2 Kf6 44. Rf7+ Kg5 45. Ka3 Na6 46. Ra7
Nb8 47. Ra8 Rf8 48. a5 1-0

[Event "Kvika Reykjavik Open 2022"]
[Site "Reykjavik ISL"]
[Date "2022.04.10"]
[Round "7.50"]
[White "Garbuz, Vitaliy"]
[Black "Gregersen, Einar"]
[Result "1-0"]
[WhiteElo "2142"]
[BlackElo "1822"]
[WhiteFideId "12990710"]
[BlackFideId "7200153"]
[EventDate "2022.04.06"]

1. e4 c5 2. d4 cxd4 3. c3 dxc3 4. Nxc3 Nc6 5. Nf3 e6 6. Bc4 Bb4 7. O-O Nge7 8.
Qc2 O-O 9. Rd1 Ng6 10. Be3 a6 11. a3 Bxc3 12. bxc3 b5 13. Be2 Qc7 14. Bc5 Rd8
15. Bd6 Qa7 16. h4 e5 17. g3 Nf8 18. Nxe5 Nxe5 19. Bxe5 d5 20. exd5 Qe7 21. Bf4
Bf5 22. Qxf5 Qxe2 23. h5 h6 24. Rd4 Qf3 25. Rd3 Qe2 26. Re3 Qc4 27. Rd1 Qc8 28.
g4 Qxf5 29. gxf5 f6 30. Bc7 Re8 31. Re6 Rac8 32. Ba5 Ra8 33. a4 Kf7 34. Rb1 Reb8
35. axb5 Rxb5 36. Rxb5 axb5 37. Bb4 Nxe6 38. fxe6+ Ke8 39. d6 Ra2 40. Kg2 Ra1
41. Kf3 Rd1 42. Ke4 Re1+ 43. Kd5 Re5+ 44. Kc6 Rxe6 45. Kc7 1-0

[Event "Kvika Reykjavik Open 2022"]
[Site "Reykjavik ISL"]
[Date "2022.04.10"]
[Round "7.51"]
[White "Kull, Florian"]
[Black "Herrera, Diego"]
[Result "1-0"]
[WhiteElo "2138"]
[BlackElo "1832"]
[WhiteFideId "4637097"]
[BlackFideId "6601170"]
[EventDate "2022.04.06"]

1. c4 Nf6 2. Nc3 g6 3. g3 Bg7 4. Bg2 O-O 5. Nf3 d6 6. O-O a6 7. b4 Nc6 8. Rb1 e5
9. d3 Re8 10. Bg5 h6 11. Bxf6 Bxf6 12. a4 a5 13. b5 Nb4 14. Nd2 Rb8 15. Nd5 Nxd5
16. cxd5 b6 17. Rc1 Bg7 18. Rc4 Re7 19. Qc2 f5 20. Rc1 Rb7 21. Rc6 Rf7 22. Qa2
Bd7 23. R6c2 Be8 24. Qa3 h5 25. Rc4 Bh6 26. R1c2 Kh7 27. Qc1 f4 28. Qd1 Bd7 29.
Ne4 Bf5 30. d4 fxg3 31. hxg3 Bxe4 32. Bxe4 Qf6 33. e3 Qg5 34. dxe5 Qxe5 35. f4
Qe7 36. Qxh5 Qxe4 37. Qxh6+ Kxh6 38. Rxe4 Rb8 39. Kf2 Rd8 40. Kf3 Rdd7 41. Re8
Kg7 42. e4 Rde7 43. Rc8 Kf6 44. Rh2 Rh7 45. Rh8 Rxh2 46. Rxh2 Rg7 47. Rh8 Re7
48. g4 Kg7 49. Rc8 g5 50. e5 Rf7 51. f5 dxe5 52. Ke4 Re7 53. Rd8 Kf6 54. Rh8 Rg7
55. Rh6+ Ke7 56. f6+ 1-0

[Event "Kvika Reykjavik Open 2022"]
[Site "Reykjavik ISL"]
[Date "2022.04.10"]
[Round "7.52"]
[White "Khoury, Theo"]
[Black "Sigeman, Johan"]
[Result "1-0"]
[WhiteElo "1949"]
[BlackElo "2136"]
[WhiteFideId "480703"]
[BlackFideId "1705601"]
[EventDate "2022.04.06"]

1. e4 e5 2. Nf3 Nc6 3. d4 exd4 4. Nxd4 Bb4+ 5. c3 Bc5 6. Be3 Bb6 7. Nf5 Bxe3 8.
Nxe3 Nf6 9. f3 O-O 10. Bd3 d5 11. exd5 Re8 12. Kf2 Rxe3 13. Kxe3 Qxd5 14. Nd2
Qc5+ 15. Ke2 Nd5 16. Qc2 Bd7 17. Rae1 Re8+ 18. Kd1 Ne3+ 19. Rxe3 Qxe3 20. Bxh7+
Kh8 21. Be4 Rd8 22. Qd3 Qxd3 23. Bxd3 Ne5 24. Be4 Bb5 25. Kc2 b6 26. Re1 g6 27.
f4 Ng4 28. c4 Ba4+ 29. b3 Bd7 30. Bd5 Bf5+ 31. Kc3 c6 32. Be4 Bd7 33. h3 Nf6 34.
Bc2 Kg7 35. g4 Kf8 36. Ne4 Nxe4+ 37. Rxe4 c5 38. Re3 Bc6 39. g5 Rd4 40. f5 gxf5
41. Bxf5 Rf4 42. Bg4 Be4 43. Kb2 Kg7 44. Rg3 Kg6 45. h4 Rf2+ 46. Ka3 Bb1 47. b4
Rxa2+ 48. Kb3 cxb4 49. Rg1 Rh2 50. Rxb1 Rxh4 51. Bd7 Rd4 52. Bb5 a5 53. Rf1 Rd3+
54. Kc2 Rc3+ 55. Kd2 a4 56. Rb1 Rg3 57. Bxa4 Kxg5 58. Rxb4 f5 59. Rxb6 Ra3 60.
Bc2 f4 61. Rg6+ Kh5 62. Rg1 1-0

[Event "Kvika Reykjavik Open 2022"]
[Site "Reykjavik ISL"]
[Date "2022.04.10"]
[Round "7.53"]
[White "Maes, Tibo"]
[Black "Bergsson, Stefan"]
[Result "0-1"]
[WhiteElo "1946"]
[BlackElo "2109"]
[WhiteFideId "231274"]
[BlackFideId "2301393"]
[EventDate "2022.04.06"]

1. e4 e5 2. Nf3 Nc6 3. Bb5 Nge7 4. c3 d6 5. d4 Bd7 6. d5 Nb8 7. Be2 Ng6 8. h4
Be7 9. h5 Nh4 10. Nxh4 Bxh4 11. Be3 Bg5 12. Qd2 h6 13. Na3 a5 14. Nc2 Na6 15.
Bxg5 hxg5 16. Ne3 Nc5 17. f3 a4 18. Rb1 g4 19. Nxg4 Bxg4 20. fxg4 Nxe4 21. Qe3
Nc5 22. Bb5+ Kf8 23. Kd2 c6 24. dxc6 Qb6 25. h6 gxh6 26. Rxh6 Rg8 27. Rxd6 Qxb5
28. cxb7 Rb8 29. Qh6+ Ke8 30. Qh7 Rf8 31. Qf5 Rxb7 32. c4 Qxc4 33. Qxe5+ Re7 34.
Qc3 0-1

[Event "Kvika Reykjavik Open 2022"]
[Site "Reykjavik ISL"]
[Date "2022.04.10"]
[Round "7.54"]
[White "Unhjem, Bjorn Robert Lovoll"]
[Black "Mai, Aron Thor"]
[Result "1-0"]
[WhiteElo "1939"]
[BlackElo "2081"]
[WhiteFideId "1525948"]
[BlackFideId "2313383"]
[EventDate "2022.04.06"]

1. d4 Nf6 2. c4 g6 3. Nc3 Bg7 4. e4 d6 5. Nf3 O-O 6. Be2 e5 7. O-O Nc6 8. d5 Ne7
9. b4 a5 10. bxa5 Ne8 11. Nd2 f5 12. Nb3 Nf6 13. Bf3 f4 14. Nb5 h5 15. h3 Ne8
16. Ba3 Bd7 17. Bb4 Rf7 18. a4 Bf8 19. c5 Nc8 20. Qc2 Rh7 21. Qc4 Qf6 22. Qe2
Qf7 23. Rfc1 g5 24. cxd6 cxd6 25. Nc7 Nxc7 26. Rxc7 Qg6 27. Bxh5 Rxh5 28. Rxd7
Rh4 29. f3 Rh7 30. Qb5 g4 31. hxg4 Ne7 32. Qxb7 Qh6 33. Qxa8 Qh2+ 34. Kf1 Qg3
35. Be1 Rh1+ 36. Ke2 Rxe1+ 37. Rxe1 Qxg2+ 38. Kd3 Qxf3+ 39. Kc4 1-0

[Event "Kvika Reykjavik Open 2022"]
[Site "Reykjavik ISL"]
[Date "2022.04.10"]
[Round "7.55"]
[White "Arnalds, Stefan"]
[Black "Bosboom, Ardin"]
[Result "1/2-1/2"]
[WhiteElo "1900"]
[BlackElo "2078"]
[WhiteFideId "2304821"]
[BlackFideId "1046454"]
[EventDate "2022.04.06"]

1. d4 g6 2. Nf3 Bg7 3. g3 d6 4. Bg2 Nd7 5. O-O e5 6. dxe5 dxe5 7. e4 Ne7 8. c4
O-O 9. Nc3 c6 10. b3 Qa5 11. Bb2 Rd8 12. Qe2 Nc5 13. Rfd1 Bg4 14. h3 Bxf3 15.
Qxf3 Ne6 16. Rxd8+ Rxd8 17. Rd1 Nd4 18. Qd3 a6 19. a3 Qb6 20. Na4 Qc7 21. c5 Qd7
22. Kh1 Qe6 23. Nb6 Nc8 24. Nxc8 Rxc8 25. Bxd4 Rd8 26. Qc2 Rxd4 27. Rxd4 exd4
28. Kh2 Qd7 29. Qd3 Bf8 30. b4 a5 31. f4 Qd8 32. e5 axb4 33. axb4 b6 34. Bxc6
bxc5 35. bxc5 Bxc5 36. h4 Be7 37. h5 Qc8 38. Be4 Bc5 39. hxg6 hxg6 1/2-1/2

[Event "Kvika Reykjavik Open 2022"]
[Site "Reykjavik ISL"]
[Date "2022.04.10"]
[Round "7.56"]
[White "Heer, Stephan"]
[Black "Anand, Vignesh"]
[Result "0-1"]
[WhiteElo "2067"]
[BlackElo "1829"]
[WhiteFideId "1302345"]
[BlackFideId "30916348"]
[EventDate "2022.04.06"]

1. Nf3 Nf6 2. g3 g6 3. Bg2 Bg7 4. d4 d5 5. O-O O-O 6. c4 c6 7. b3 Bf5 8. Nh4 Be4
9. f3 Bxb1 10. Rxb1 Nbd7 11. e4 e5 12. dxe5 Nxe5 13. Bb2 Nh5 14. f4 Nd7 15. Bxg7
Nxg7 16. cxd5 cxd5 17. exd5 Nf6 18. Qd4 Qd6 19. Rbd1 Rfd8 20. Rf2 a6 21. Rfd2
Rac8 22. h3 Rc5 23. b4 Rb5 24. a3 a5 25. bxa5 Rxa5 26. a4 Nge8 27. Rb1 Qa6 28.
Rb6 Rxa4 29. Qb2 Ra1+ 30. Kh2 Qa7 31. g4 Rd6 32. Rxd6 Qg1+ 33. Kg3 Ne4+ 34. Kf3
Nxd2+ 35. Qxd2 Nxd6 36. Qb4 Re1 37. Qc3 Nc4 0-1

[Event "Kvika Reykjavik Open 2022"]
[Site "Reykjavik ISL"]
[Date "2022.04.10"]
[Round "7.57"]
[White "Sarkisian, Arman"]
[Black "Jonsson, Gauti Pall"]
[Result "1/2-1/2"]
[WhiteElo "1862"]
[BlackElo "2064"]
[WhiteFideId "261858"]
[BlackFideId "2309092"]
[EventDate "2022.04.06"]

1. d4 Nf6 2. Nc3 d5 3. Bf4 a6 4. e3 e6 5. Bd3 c5 6. dxc5 Bxc5 7. Nf3 Nc6 8. O-O
b5 9. e4 d4 10. e5 Nd5 11. Ne4 Nxf4 12. Nxc5 Qd5 13. b4 Nxd3 14. Nxd3 O-O 15.
Qd2 Bb7 16. Nf4 Qd7 17. Nh5 f5 18. c3 Qf7 19. Nf4 dxc3 20. Qxc3 h6 21. h4 Rac8
22. Qb3 Nd8 23. Nd4 Rc4 24. Rfd1 Re8 25. Rac1 Bd5 26. Rxc4 Bxc4 27. Qa3 Qc7 28.
Nf3 Nc6 29. Qb2 Rd8 30. Rxd8+ Qxd8 31. a3 Qd1+ 32. Kh2 Kf7 33. Kg3 Bd5 34. Nxd5
Qxd5 35. Qc3 g6 36. Qe3 Kg7 37. Qc3 Nd8 38. Qd4 Qxd4 39. Nxd4 g5 40. Nb3 Nc6 41.
f4 Kf7 42. Nc5 a5 43. hxg5 hxg5 44. bxa5 gxf4+ 45. Kxf4 Nxa5 46. g4 fxg4 47.
Kxg4 Nc4 48. Kf4 Nxa3 49. Ke4 Nc4 50. Kd4 Nb6 51. Nxe6 Kxe6 52. Kc5 Kxe5 53.
Kxb5 1/2-1/2

[Event "Kvika Reykjavik Open 2022"]
[Site "Reykjavik ISL"]
[Date "2022.04.10"]
[Round "7.58"]
[White "Haraldsson, Sigurjon"]
[Black "Held, Thomas"]
[Result "1/2-1/2"]
[WhiteElo "1806"]
[BlackElo "2054"]
[WhiteFideId "2303655"]
[BlackFideId "1308335"]
[EventDate "2022.04.06"]

1. d4 Nf6 2. Nf3 e6 3. c4 d5 4. g3 Bb4+ 5. Bd2 Bd6 6. Bg2 c6 7. cxd5 exd5 8. O-O
Bf5 9. Nc3 Nbd7 10. Nh4 Bg6 11. Nxg6 hxg6 12. e4 dxe4 13. Nxe4 Nxe4 14. Bxe4 Nf6
15. Bf3 O-O 16. Qb3 Qb6 17. Qxb6 axb6 1/2-1/2

[Event "Kvika Reykjavik Open 2022"]
[Site "Reykjavik ISL"]
[Date "2022.04.10"]
[Round "7.59"]
[White "Thorisson, Benedikt"]
[Black "Briem, Stephan"]
[Result "0-1"]
[WhiteElo "1778"]
[BlackElo "2048"]
[WhiteFideId "2314576"]
[BlackFideId "2312506"]
[EventDate "2022.04.06"]

1. e4 e5 2. Nf3 Nf6 3. Nxe5 d6 4. Nf3 Nxe4 5. d4 d5 6. Bd3 Bd6 7. O-O O-O 8. c4
c6 9. Nc3 Nxc3 10. bxc3 dxc4 11. Bxc4 Bf5 12. Bg5 Qa5 13. Qd2 Nd7 14. Rfe1 Nb6
15. Bd3 Rae8 16. Qc2 Bxd3 17. Qxd3 Rxe1+ 18. Rxe1 Qxa2 19. Be7 Bxe7 20. Rxe7
Qa1+ 21. Re1 Qa5 22. Re5 Nd5 23. c4 Qa1+ 24. Re1 Qc3 25. Qxc3 Nxc3 26. Re7 Rb8
27. Kf1 Kf8 28. Re3 Na4 29. Ne5 Rc8 30. Rb3 Rc7 31. c5 b6 32. cxb6 axb6 33. Rb4
b5 34. d5 cxd5 35. Rxb5 Rc1+ 36. Ke2 Nc3+ 37. Kd2 Nxb5 38. Kxc1 Ke7 39. Kd2 Ke6
40. Nf3 f6 41. Kd3 g5 42. h3 h5 43. g4 h4 44. Ke3 Kd6 45. Ne1 Nc7 46. f4 Ne6 47.
fxg5 fxg5 48. Nf3 Kc5 49. Kd2 Kc4 50. Ke2 Nd4+ 51. Nxd4 Kxd4 52. Kd2 Ke4 53. Ke2
Kf4 54. Kf2 d4 55. Ke2 Kg3 56. Kd3 Kxh3 57. Kxd4 Kxg4 0-1

[Event "Kvika Reykjavik Open 2022"]
[Site "Reykjavik ISL"]
[Date "2022.04.10"]
[Round "7.60"]
[White "Jonsson, Johann"]
[Black "Collins, Adam"]
[Result "0-1"]
[WhiteElo "1770"]
[BlackElo "2039"]
[WhiteFideId "2321688"]
[BlackFideId "2512300"]
[EventDate "2022.04.06"]

1. e4 c6 2. d4 d5 3. Nc3 dxe4 4. Nxe4 Bf5 5. Ng3 Bg6 6. h4 h6 7. Nf3 Nd7 8. Bd3
Bxd3 9. Qxd3 e6 10. Bd2 Ngf6 11. O-O-O Be7 12. Kb1 O-O 13. Ne4 Nxe4 14. Qxe4 Nf6
15. Qe2 Qd5 16. Qe5 Qb5 17. Qxb5 cxb5 18. Ne5 Rfd8 19. Be3 Nd5 20. Rh3 Bf6 21.
Ng4 Rd7 22. Nxf6+ Nxf6 23. a3 Rc8 24. Rd3 Nd5 25. g4 Kh7 26. Bd2 Rcd8 27. Rb3 a6
28. Rhf3 Rc8 29. Rbd3 Rc4 30. Rg3 Nf6 31. c3 Rc6 32. Be1 Nd5 33. Bd2 a5 34. f4
h5 35. f5 hxg4 36. fxe6 Rxe6 37. Rxg4 Nf6 38. Rdg3 Nxg4 39. Rxg4 f5 40. Rg5 Rf7
41. Rg3 Re2 42. Bg5 Rf2 43. d5 f4 44. Rd3 f3 45. d6 Rf1+ 46. Kc2 f2 47. d7 Rxd7
48. Rxd7 Re1 49. Rf7 f1=Q 50. Rxf1 Rxf1 51. Kb3 Rf2 52. Bc1 a4+ 53. Kb4 Rc2 54.
Kxb5 Rxc1 55. Kxa4 Rc2 56. Kb3 Rh2 0-1

[Event "Kvika Reykjavik Open 2022"]
[Site "Reykjavik ISL"]
[Date "2022.04.10"]
[Round "7.61"]
[White "Ritzka, Simon"]
[Black "Rachlin, Paul"]
[Result "1-0"]
[WhiteElo "2038"]
[BlackElo "1820"]
[WhiteFideId "12925390"]
[BlackFideId "2053764"]
[EventDate "2022.04.06"]

1. e4 c6 2. d4 d5 3. exd5 cxd5 4. Bd3 Nc6 5. c3 Nf6 6. Bf4 Bg4 7. Qb3 Qd7 8. Nd2
e6 9. Ngf3 Bd6 10. Bxd6 Qxd6 11. O-O O-O 12. Rfe1 Ne7 13. Ne5 Bf5 14. Rac1 Bxd3
15. Nxd3 a6 16. Qc2 Nc6 17. Nf3 Rfc8 18. Qe2 Ne4 19. Nfe5 Nxe5 20. Nxe5 Nf6 21.
a3 b5 22. Nd3 Nd7 23. b4 Nb6 24. Nc5 Nc4 25. Ra1 Ra7 26. a4 Rca8 27. a5 Re7 28.
Qf3 Rae8 29. Qg3 Qxg3 30. hxg3 Ra7 31. g4 g6 32. f4 Nd6 33. Kf2 Rc8 34. Rac1 Rc6
35. g5 Rac7 36. Ke3 Nf5+ 37. Kd3 h5 38. gxh6 Nxh6 39. Rh1 Ng4 40. Rc2 Nf6 41.
Rh3 Kg7 42. g3 Ne4 43. g4 Nf6 44. Rg2 Rc8 45. f5 Rh8 46. Re3 exf5 47. gxf5 Re8
48. Rxe8 Nxe8 49. Nd7 Nf6 50. Ne5 Nh5 51. Nxc6 Nf4+ 52. Kd2 Nxg2 53. fxg6 fxg6
54. Nb8 Nf4 55. Nxa6 Ne6 56. Nc5 Nc7 57. Ke3 Kf6 58. Kf4 g5+ 59. Kg4 Kg6 60. a6 1-0